000 00443nam a2200181Ia 4500
001 25234
005 20260414151136.0
008 260414t2009||||xx |||||||||||||| ||spa||
041 _aESP
082 _a346.40711
_bL13 V.2
100 _aLacruz Berdejo, José Luis
_eAUT
245 0 _aElementos de derecho civil :
_bderechos reales
260 _c2009
300 _a
_c24 cm.
650 _aDER
654 _aCDE
942 _cLIB
_dJUS
_fJUS
_2ddc
_n
999 _c25234
_d25234